书目信息 |
| 题名: |
神秘的百慕大
|
|
| 作者: | 汪敬东 编著 | |
| 分册: | ||
| 出版信息: | 北京 中国民族摄影艺术出版社 2000.04 |
|
| 页数: | 280页 | |
| 开本: | 32开 | |
| 丛书名: | ||
| 单 册: | ||
| 中图分类: | N8-49 | |
| 科图分类: | ||
| 主题词: | 自然科学--调查 , 自然科学--考察 | |
| 电子资源: | ||
| ISBN: | 7-80069-328-7 | |
| 000 | 00549nam0 2200193 45 | |
| 001 | 0009081000 | |
| 005 | 20080402150544.67 | |
| 010 | @a7-80069-328-7@d23.80元 | |
| 100 | @a20000908d2000 km y0chiy0120 ea | |
| 101 | 0 | @achi |
| 200 | 1 | @a神秘的百慕大@AShen Mi De Bai Mu Da@f汪敬东编著@FWang Jing Dong Bian Zhu |
| 210 | @a北京@c中国民族摄影艺术出版社@d2000.04 | |
| 215 | @a280页@d32开 | |
| 606 | 0 | @a自然科学@x调查 |
| 606 | 0 | @a自然科学@x考察 |
| 690 | @aN8-49@v3 | |
| 701 | 0 | @a汪敬东@4编著 |
| 801 | @aCN@c20080402 | |
| 905 | @b128293-297@dN8-49@eW191@f5 | |
| 神秘的百慕大/汪敬东编著.-北京:中国民族摄影艺术出版社,2000.04 |
| 280页;32开 |
| ISBN 7-80069-328-7:23.80元 |
| ● |
| 相关链接 |
|
|
|
正题名:神秘的百慕大
索取号:N8-49/W191
 
预约/预借
| 序号 | 登录号 | 条形码 | 馆藏地/架位号 | 状态 | 备注 |
| 1 | 128293 | 201282931 | 自科库401/401自科库 141排2列5层/ [索取号:N8-49/W191] | 在馆 | |
| 2 | 128294 | 201282940 | 自科库401/ [索取号:N8-49/W191] | 在馆 | |
| 3 | 128295 | 201282959 | 期刊室512/401自科库 141排1列25层/ [索取号:N8-49/W191] | 在馆 | |
| 4 | 128296 | 201282968 | 自科库401/401自科库 141排2列5层/ [索取号:N8-49/W191] | 在馆 | |
| 5 | 128297 | 201282977 | 期刊室512/401自科库 141排1列26层/ [索取号:N8-49/W191] | 在馆 | |
| 6 | 181477 | 201814778 | 自科库401/ [索取号:N8-49/W191] | 在馆 | |
| 7 | 451331 | 204513311 | 自科二线504/504自科库 26排1列1层/ [索取号:N8-49/W191] | 在馆 |